| 000 | 00894nmc a2200337 a 4500 | ||
|---|---|---|---|
| 003 | AR-BaBNM | ||
| 005 | 20251128202819.0 | ||
| 008 | 011101s1948 ||||||||||||||000 | spa|| | ||
| 040 | _cAR-BaBNM | ||
| 100 | 1 | _aFreud, Anna | |
| 245 | 1 | 0 | _aIntroducción al psicoanálisis para educadores |
| 260 |
_aBuenos Aires _bPaidós _c1948 |
||
| 490 | 0 | _aBiblioteca Propedeutica | |
| 500 | 0 | _aContiene índice de temas y autores | |
| 500 | 0 | _aContiene referencias bibliográficas | |
| 650 | 4 | _aAMNESIA | |
| 650 | 4 | _aRECUERDO ENCUBRIDOR | |
| 650 | 4 | _aSINTOMAS | |
| 650 | 4 | _aOLVIDO | |
| 650 | 4 | _aCOMPLEJO DE EDIPO | |
| 650 | 4 | _aCOMPLEJO DE CASTRACION | |
| 650 | 4 | _aFASE FALICA | |
| 650 | 4 | _aINCESTO | |
| 650 | 4 | _aPSICOANALISIS | |
| 650 | 4 | _aPSICOLOGIA DE LA EDUCACION | |
| 650 | 4 | _aSEXUALIDAD INFANTIL | |
| 650 | 4 | _aSUPER YO | |
| 650 | 4 | _aPEDAGOGIA | |
| 942 | _cBK | ||
| 998 | _cCasco | ||
| 999 |
_c703 _d703 |
||